000 00805cam a2200289 4500
001 J96512
008 090401t1999 xxu||||| |||| 00| 0 eng d
035 _a(Sirsi) u91159
041 _aeng
050 _a333.33016
110 _aRichard Ellis
_91875
245 _aRichard Ellis St. Quintin monthly index. - January 1999 - December 1999
260 _aLondon
_bRichard Ellis
_c1999
300 _a12pt. ; 30cm.
650 _aCAPITAL VALUES
650 _aINDUSTRIAL PROPERTY
650 _aOFFICES
650 _aPROPERTY INDICES
650 _aRENT
650 _aRETAIL PROPERTY
650 _aSHOPS
650 _aYIELDS
690 _aPROPERTY-COMMERCIAL PROPERTY-COMMERCIAL PROPERTY FINANCE AND INVESTMENT
710 _aRichard Ellis St. Quintin
_93738
942 _n0
948 _c09/02/1999
999 _c97614
_d97614